000 00622nam a2200193Ia 4500
003 GCL
008 140319s9999 xx 000 0 ara d
040 _aGCL /
_cGCL
082 0 4 _a301.32
_bم س
100 1 _aالمجلس الاعلى لتنظيم الاسرة
245 1 0 _aالسياسة القومية للسكان وتنظيم الاسرة /
_cالمجلس الاعلى لتنظيم الاسرة
490 _aكتاب
_v0
650 0 4 _aالاسرة
650 0 4 _aالسكان
650 0 4 _aتنظيم الاسرة
650 0 4 _aالمواليد والوفيات
650 0 4 _aالسجلات
942 _2ddc
_cBK
999 _c41024
_d41024